000 00950nmm a2200301 a 4500
001 ocm0002146406
003 TR-IsHL
005 20201028182614.0
008 190205s2017 tu tur
007 cr cn
020 _a9786059562232
035 _a2146406
_b(N$T)
050 0 4 _aPZ8
_b.S355 2017
090 0 4 _aPZ8
_b.S355 2017
100 1 _aSailor, Jack
245 1 0 _aZindandan kaçış
_h[electronic resource] /
_cJack Sailor
250 _a8. Baskı
260 _aİstanbul :
_bGenç Hayat Yayınları,
_c2017
300 _a128 p.
650 4 _aDil ve Edebiyat
650 4 _aLanguage and Literature
650 0 _aMasallar, Hint
650 0 _aFairy Tales, Hindu
650 0 _aFolklor
_x Arap ülkeleri
650 0 _aFolklore
_x Arab countries
650 7 _aJUVENILE FICTION / Fairy Tales & Folklore / General
_2bisacsh
856 4 0 _uhttp://search.ebscohost.com/login.aspx?direct=true&scope=site&db=e011xww&AN=2146406
999 _c20146
_d20146